Estadísticas para Los 5 países más ricos por continente

Haz click aquí para tomar la prueba!

Estadísticas generales

  • Esta prueba ha sido tomada 3.939 veces
    (2.833 desde el último reinicio)
  • La puntuación promedio es 18 de 30

Estadísticas de respuestas

ContinentePBI per CapitaPaís% Correcto
América del Norte$59,700Estados Unidos
96%
América del Norte$48,100Canadá
94%
América del Sur$20,600Argentina
90%
América del Sur$15,400Brasil
89%
Oceanía$50,500Australia
89%
América del Sur$25,300Chile
87%
Oceanía$39,600Nueva Zelanda
84%
América del Sur$14,700Colombia
84%
América del Sur$22,500Uruguay
80%
Europa$198,000Mónaco
71%
Europa$109,000Luxemburgo
70%
Europa$71,100Noruega
67%
Asia$73,800Emiratos Árabes Unidos
64%
Asia$132,000Catar
64%
Europa$131,000Liechtenstein
62%
América del Norte$24,500Panamá
61%
Oceanía$9,700Fiyi
61%
Asia$90,200Singapur
59%
Asia$74,900Kuwait
46%
Asia$76,600Brunéi
41%
Oceanía$13,300Nauru
40%
África$29,100Seychelles
39%
Oceanía$13,700Palaos
38%
Europa$72,200Irlanda
37%
América del Norte$32,600Trinidad y Tobago
35%
África$21,700Mauricio
35%
América del Norte$27,900San Cristóbal y Nieves
29%
África$24,300Guinea Ecuatorial
25%
África$17,000Botsuana
21%
África$18,300Gabón
19%

Distribución de puntuación

Porcentaje por número respondido

Porcentaje de gente con cada puntuación

Historial de tus puntuaciones

No has tomado esta prueba desde el último reinicio